000 00937cam a2200145 4500500
005 20251214002640.0
041 _afre
042 _adc
100 1 0 _aLeca-Mercier, Florence
_eauthor
700 1 0 _aMercier-Leca, Florence
_eauthor
245 0 0 _a35 questions de grammaire française : Fiches synthétiques, conseils pour apprendre, exercices et corrigés
260 _bArmand Colin,
_c2019.
520 _aCet ouvrage est une véritable initiation aux mécanismes linguistiques qui sous-tendent les règles de grammaire. Il propose au lecteur une démarche active et une méthode d’analyse de la langue qu’il peut acquérir sur la base des nombreux exercices proposés. Rappels des principales notions grammaticales Corrigés détaillés et commentés Panorama des différentes approches théoriques
856 4 1 _uhttps://shs.cairn.info/35-questions-de-grammaire-francaise--9782200624712?lang=fr&redirect-ssocas=7080
999 _c1567270
_d1567270